000 00868nam a2200253Ia 4500
003 OSt
005 20220925203416.0
006 a|||||r|||| 00| 0
007 ta
008 220923b |||||||| |||| 00| 0 eng d
020 _a9780822341086
_c1183.6800000000001
037 _bRKBA\ 09-10\ 4680, 12/07/2012, RAJKIRAN BOOK AGENCY
_cGeneral Book
040 _aRTL
_cRTL
_beng
041 _2eng
_aeng
082 _aY33.:393.654.P, P8
100 _aLARKIN Brian
_9265887
245 0 _aSignal and noise
_b Media infrastructure and urban culture in Nigeria
260 _aDurham
_bDuke University Press
_c2008
300 _axi, 313p
_ccm.
500 _aBibliography: P.277-300
650 _aSociology
942 _hY33.:393.654.P, P8
_cGB
_2CC
999 _c546293
_d546293